[Event "Eq:chibcha-Los Tercios : "]
[Site "www.chess-mail.com"]
[Date "2016.05.23"]
[Round "1"]
[White "Azorau"]
[Black "Whitekknight"]
[WhiteElo "1910"]
[BlackElo "1920"]
[Result "1-0"]
[Round "1"]
1.e4 e5
2.Bf1c4 Ng8f6
3.Ng1f3 Nf6xe4
4.Nf3xe5 Ne4d6
5.Qd1f3 Qd8e7
6.O-O f6
7.Qf3h5 g6
8.Ne5xg6 Qe7g7
9.Ng6xh8 Ke7
10.Qh5e2 Kd8
11.d3 Nd6xc4
12.Rf1e1 Nc4d6
13.Nh8f7 Qg7xf7
14.Nb1c3 Nb8c6
15.Bc1f4 b6
16.Bf4xd6 Bf8xd6
17.Nc3d5 Bc8b7
18.Nd5xf6 Bd6e7
19.Nf6g4 d6
20.Ng4h6 Qf7f8
21.Nh6g4 Kd7
22.Qe2e6 Kd8
23.Qe6d5 Nc6a5
24.Qd5e6 Bb7c8
25.Qe6d5 Bc8b7
26.Qd5h5 Qf8g7
27.b4 Na5c6
28.Ng4e3 Be7g5
29.Ne3f5 Qg7g6
30.Qh5g4 Nc6e5
31.Qg4h3 h6
32.Nf5d4 Bb7d5
33.Nd4e2 c6
34.f3 Bg5d2
35.Re1d1 Qg6g5
36.c4 Bd2e3
37.Kh1 Bd5f7
38.Ne2g3 Kc7
39.a4 Ra8e8
40.a5 Ne5g6
41.Ng3e4 Qg5h4
42.Qh3xh4 Ng6xh4
43.Rd1e1 Be3d4
44.axb6 Bd4xb6
45.c5 dxc5
46.bxc5 Kb7
47.cxb6 axb6
48.Ne4d6 { resign }
1-0

[Event "Fast Game"]
[Site "www.echecsemail.com"]
[Date "2016.05.23"]
[Round "1"]
[White "Pellix84"]
[Black "Dox"]
[WhiteElo "1600"]
[BlackElo "1599"]
[Result "0-1"]
[Round "1"]
1.d4 d5
2.c4 c6
3.Nb1c3 Ng8f6
4.Ng1f3 dxc4
5.a4 Bc8f5
6.e3 e6
7.Bf1xc4 Bf8b4
8.Qd1b3 Qd8e7
9.O-O O-O
10.Bc1d2 Nb8d7
11.Nc3e4 Bb4xd2
12.Ne4xf6 Nd7xf6
13.Nf3xd2 Rf8d8
14.Ra1d1 Ra8c8
15.f3 c5
16.e4 Bf5g6
17.d5 exd5
18.exd5 Nf6e8
19.Bc4d3 Qe7e3
20.Rf1f2 Qe3xd3
21.Qb3xb7 Qd3xd5
22.Qb7xa7 Rc8a8
 { time }
0-1

[Event "Fast Game"]
[Site "www.echecsemail.com"]
[Date "2016.05.23"]
[Round "1"]
[White "Birya"]
[Black "Esperanza"]
[WhiteElo "1599"]
[BlackElo "1599"]
[Result "0-1"]
[Round "1"]
1.d4 Ng8f6
2.c4 g6
3.Nb1c3 Bf8g7
4.e4 d6
5.Ng1f3 O-O
6.Bf1e2 e5
7.O-O Nb8c6
8.d5 Nc6e7
9.b4 a5
10.Bc1a3 axb4
11.Ba3xb4 Nf6d7
12.a4 f5
13.Nf3g5 Nd7c5
14.Bb4xc5 dxc5
 { time }
0-1

[Event "Tourn. n8735"]
[Site "www.chess-mail.com"]
[Date "2016.05.24"]
[Round "1"]
[White "Jose"]
[Black "Andregor"]
[WhiteElo "2740"]
[BlackElo "2630"]
[Result "1-0"]
[Round "1"]
1.d4 e6
2.e4 d5
3.e5 c5
4.c3 Qd8b6
5.Ng1f3 Nb8c6
6.a3 c4
7.Nb1d2 Nc6a5
8.Bf1e2 Bc8d7
9.O-O Ng8e7
10.Ra1b1 Ne7g6
11.g3 Bf8e7
12.h4 h6
13.Rf1e1 Be7d8
14.Be2f1 Ng6e7
15.Nf3h2 Bd8c7
16.Nh2g4 O-O-O
17.Ng4e3 Kb8
18.Bf1g2 h5
19.a4 g5
20.b4 Na5b3
21.Ne3xc4 { resign }
1-0

[Event "Tourn. n8770"]
[Site "www.chess-mail.com"]
[Date "2016.05.24"]
[Round "1"]
[White "Azulmarino"]
[Black "Gatrooper"]
[WhiteElo "1470"]
[BlackElo "1500"]
[Result "0-1"]
[Round "1"]
1.e4 e5
2.Ng1f3 Nb8c6
3.Bf1c4 d6
4.d3 Bc8e6
5.Bc1g5 Bf8e7
6.Bc4xe6 Be7xg5
7.Nf3xg5 Qd8xg5
8.Qd1f3 Qg5c1
9.Ke2 Nc6d4
{ resign }
0-1

[Event "Tourn. n8735"]
[Site "www.chess-mail.com"]
[Date "2016.05.24"]
[Round "1"]
[White "Jose"]
[Black "Nimzo"]
[WhiteElo "2740"]
[BlackElo "2870"]
[Result "1/2-1/2"]
[Round "1"]
1.e4 e6
2.d4 d5
3.Nb1c3 Ng8f6
4.e5 Nf6d7
5.f4 c5
6.Ng1f3 Nb8c6
7.Bc1e3 a6
8.Qd1d2 Bf8e7
9.dxc5 Nd7xc5
10.O-O-O Qd8a5
11.Kb1 b5
12.Nc3e2 Qa5xd2
13.Rd1xd2 Bc8d7
14.Rd2d1 O-O
15.g4 b4
16.Ne2d4 Rf8c8
17.f5 a5
18.Nd4xc6 Rc8xc6
19.Nf3d4 Rc6c8
20.Bf1g2 a4
{ draw }
1/2-1/2

[Event "Tourn. n8737"]
[Site "www.chess-mail.com"]
[Date "2016.05.24"]
[Round "1"]
[White "Neo"]
[Black "Blackpool"]
[WhiteElo "1780"]
[BlackElo "1740"]
[Result "1-0"]
[Round "1"]
1.d4 g6
2.e3 Bf8g7
3.g3 d5
4.Bf1g2 c6
5.c3 Ng8f6
6.Ng1f3 O-O
7.O-O Bc8g4
8.Qd1b3 Qd8b6
9.Qb3a3 Bg4xf3
10.Bg2xf3 Qb6c7
11.Bf3g2 Rf8e8
12.b4 Nb8d7
13.Bc1d2 Nd7b6
14.Qa3a5 Qc7d7
15.Qa5a3 Nb6c4
16.Qa3c1  { time }
1-0

[Event "Tourn. n8779"]
[Site "www.chess-mail.com"]
[Date "2016.05.24"]
[Round "1"]
[White "Jhzes"]
[Black "B0zata"]
[WhiteElo "2209"]
[BlackElo "2200"]
[Result "0-1"]
[Round "1"]
1.d4 d5
2.Nb1c3 Ng8f6
3.Bc1f4 e6
4.Nc3b5 Bf8d6
5.Nb5xd6 cxd6
6.c3 O-O
7.Qd1c2 Rf8e8
8.e3 Nb8c6
9.Bf1d3 h6
10.Ng1f3 e5
11.dxe5 dxe5
12.Bf4xh6 gxh6
13.Nf3h4 e4
14.Bd3b5 a6
15.Bb5e2 Bc8e6
16.Qc2b3 Nc6a5
17.Qb3a4 b5
18.Qa4c2 Nf6g4
19.g3 Na5c4
20.Be2xg4 Be6xg4
21.h3 Bg4e6
22.O-O-O Nc4e5
23.Kb1 Ne5d3
24.f4 Ra8c8
25.f5 Be6d7
26.Rh1f1 Qd8g5
27.Qc2b3 Re8e5
28.Rd1xd3 exd3
29.Nh4f3 Qg5xf5
30.g4 Qf5f6
31.Nf3d2 Qf6e7
32.Nd2f3 Re5xe3
33.Qb3d1 Re3xf3
34.Rf1xf3 Qe7e2
35.Rf3xd3 Qe2xd1
36.Rd3xd1 Bd7e6
37.Ka1 Rc8c4
38.Rd1g1 Rc4f4
39.b3 Rf4f3
40.g5 Kh7
41.h4 hxg5
42.Rg1xg5 Rf3xc3
43.Rg5h5 Kg7
44.Rh5e5 Rc3h3
45.Re5g5 Kh6
46.Rg5g8 Rh3xh4
47.Rg8a8 d4
48.Ra8xa6 d3
49.Ra6d6 Rh4h3
50.a4 bxa4
51.bxa4 d2
52.Rd6xd2 Rh3a3
53.Kb2 Ra3xa4
54.Rd2h2 Kg5
55.Rh2h7 Ra4h4
56.Rh7g7 Kf4
57.Kc3 f5
{ resign }
0-1

[Event "Tourn. n8719"]
[Site "www.chess-mail.com"]
[Date "2016.05.24"]
[Round "1"]
[White "Sandokam"]
[Black "Sorren"]
[WhiteElo "2089"]
[BlackElo "1930"]
[Result "1-0"]
[Round "1"]
1.e4 e5
2.Ng1f3 Nb8c6
3.Bf1b5 a6
4.Bb5a4 Ng8f6
5.O-O b5
6.Ba4b3 Bf8e7
7.Rf1e1 d6
8.c3 Nc6a5
9.Bb3c2 c5
10.d4 cxd4
11.cxd4 Qd8c7
12.d5 Bc8g4
13.Nb1d2 O-O
14.Bc2d3 Na5b7
15.Bd3e2 Nb7c5
16.h3 Bg4h5
17.Nf3h2 Bh5xe2
18.Qd1xe2 Ra8c8
19.b3 Rf8e8
20.f3 Qc7b6
21.Kh1 Be7f8
22.Nd2f1  { time }
1-0

[Event "Tourn. n8746"]
[Site "www.chess-mail.com"]
[Date "2016.05.24"]
[Round "1"]
[White "Cal"]
[Black "Daquata"]
[WhiteElo "1550"]
[BlackElo "1670"]
[Result "0-1"]
[Round "1"]
1.c4 Ng8f6
2.Nb1c3 g6
3.e4 d6
4.d4 Nb8d7
5.Bc1g5 Bf8g7
6.Ng1f3 O-O
7.h3 e5
8.d5 h6
9.Bf1d3 hxg5
10.Nf3xg5 Nd7c5
11.a3 Bg7h6
12.Ng5f3 Bc8d7
13.O-O c6
14.dxc6 Bd7xc6
15.b4 Nc5xd3
16.Qd1xd3 Ra8c8
17.b5 Bc6d7
18.a4 Qd8c7
19.Nc3d5 Nf6xd5
20.cxd5 Qc7c5
21.Ra1c1 Bh6xc1
22.Nf3h2 Bc1f4
23.Qd3f3 Bf4xh2
24.Kxh2 Qc5c4
25.Rf1g1 Qc4xa4
26.Rg1b1 Bd7xb5
27.Qf3f6 Qa4a6
28.f4 Bb5d3
29.Rb1e1 Rc8c4
30.Re1e3 Bd3xe4
31.h4 exf4
32.Qf6xf4 Be4xd5
33.Qf4h6 Qa6a4
34.Re3g3 Rc4xh4
35.Qh6xh4 Qa4xh4
36.Rg3h3 Qh4f4
37.g3 Qf4f2

0-1

[Event "Tourn. n8766"]
[Site "www.chess-mail.com"]
[Date "2016.05.24"]
[Round "1"]
[White "Azulmarino"]
[Black "Gatrooper"]
[WhiteElo "1470"]
[BlackElo "1500"]
[Result "0-1"]
[Round "1"]
1.e4 e5
2.Ng1f3 Nb8c6
3.Bf1c4 d6
4.d3 Bc8e6
5.Bc1g5 f6
6.Bc4xe6 fxg5
7.Nf3xg5 Qd8xg5
8.Qd1f3 Qg5c1
9.Ke2 Nc6d4
{ resign }
0-1

[Event "Tourn. n8753"]
[Site "www.chess-mail.com"]
[Date "2016.05.24"]
[Round "1"]
[White "Cal"]
[Black "Ranjachess"]
[WhiteElo "1580"]
[BlackElo "1670"]
[Result "0-1"]
[Round "1"]
1.c4 d6
2.d4 g6
3.h3 Bf8g7
4.Ng1f3 Nb8c6
5.a3 e5
6.dxe5 Nc6xe5
7.Nb1c3 Ne5xc4
8.e4 Bc8e6
9.b3 Bg7xc3
10.Bc1d2 Bc3xa1
11.bxc4 Qd8f6
12.Bf1e2 Ba1c3
13.O-O c6
14.Bd2g5 Qf6g7
15.Qd1xd6 Bc3f6
16.Bg5xf6 Ng8xf6
17.Rf1d1 Nf6xe4
18.Qd6c7 Ne4c3
19.Rd1e1 O-O
20.Be2d3 f5
21.Qc7d6 Ra8d8
22.Qd6xe6 Qg7f7
23.Nf3g5 Qf7xe6
24.Ng5xe6 Rd8xd3
25.Ne6xf8 Kxf8
26.f4 Rd3d1
27.Re1xd1 Nc3xd1
28.c5 Ke7
29.Kf1 Ke6
30.Ke2 Nd1c3
31.Kd3 Nc3d5
{ resign }
0-1

[Event "Tourn. n8739"]
[Site "www.chess-mail.com"]
[Date "2016.05.24"]
[Round "1"]
[White "Sontuozio"]
[Black "Yangqi"]
[WhiteElo "2230"]
[BlackElo "2670"]
[Result "0-1"]
[Round "1"]
1.d4 Ng8f6
2.Ng1f3 g6
3.e3 Bf8g7
4.Bf1d3 d6
5.Nb1d2 O-O
6.c3 Nb8d7
7.Nd2e4 Nf6xe4
8.Bd3xe4 Nd7f6
9.Be4d3 e5
10.dxe5 dxe5
11.Nf3xe5 Qd8e7
12.Ne5f3 Rf8d8
13.Qd1c2 a6
14.O-O Qe7d6
15.Rf1d1 Bc8f5
16.Nf3d4 Bf5xd3
17.Qc2xd3 c5
18.Rd1e1 cxd4
19.exd4 Rd8e8
20.Bc1g5 Qd6d5
21.Bg5e3 Ra8c8
22.Re1c1 Nf6g4
23.c4 Qd5d6
24.Ra1b1 Qd6xh2
25.Kf1 Qh2h1
26.Ke2 Qh1xg2
27.Kd1 Ng4xf2
28.Be3xf2 Qg2xf2
{ resign }
0-1

[Event "Tourn. n8746"]
[Site "www.chess-mail.com"]
[Date "2016.05.24"]
[Round "1"]
[White "Azulmarino"]
[Black "Ipswich"]
[WhiteElo "1470"]
[BlackElo "1550"]
[Result "1-0"]
[Round "1"]
1.e4 e5
2.Ng1f3 Nb8c6
3.d3 Ng8f6
4.Bc1g5 Bf8e7
5.Bf1e2 d6
6.Nb1c3 O-O
7.Nf3h4 h6
8.Bg5e3 Nf6xe4
9.Nc3xe4 Be7xh4
10.O-O  { time }
1-0

[Event "Tourn. n8625"]
[Site "www.chess-mail.com"]
[Date "2016.05.24"]
[Round "1"]
[White "Naujzaid"]
[Black "Liencam2"]
[WhiteElo "2140"]
[BlackElo "2290"]
[Result "1/2-1/2"]
[Round "1"]
1.d4 Ng8f6
2.c4 g6
3.Nb1c3 Bf8g7
4.e4 d6
5.Ng1f3 O-O
6.Bf1e2 e5
7.dxe5 dxe5
8.Qd1xd8 Rf8xd8
9.Bc1g5 Nb8d7
10.O-O-O Rd8e8
11.Nf3d2 Nd7c5
12.b4 Nc5e6
13.Bg5e3 c6
14.f3 Bc8d7
15.Nd2b3 b6
16.Rd1d2 Re8d8
17.Rh1d1 Bd7e8
18.Rd2xd8 Ra8xd8
19.Rd1xd8 Ne6xd8
20.Kc2 Nd8e6
21.a4 Nf6h5
22.g3 f5
23.a5 f4
24.Be3f2 Bg7f8
25.b5 c5
26.axb6 axb6
27.Nc3d5 Ne6d4
28.Nb3xd4 cxd4
29.Nd5xb6 Bf8c5
30.Nb6d5 d3
31.Be2xd3 Bc5xf2
32.g4 Nh5g7
33.b6 Be8c6
34.Nd5e7 Kf7
35.Ne7xc6 Bf2xb6
36.Nc6xe5 Ke6
37.Ne5c6 Ng7e8
38.Kc3 Kd6
39.Nc6d4 Bb6c5
40.Nd4e2 g5
41.Kb3 Ne8f6
42.Ne2c3 Nf6d7
43.Ka4 Nd7e5
44.Bd3e2 Bc5d4
45.Nc3b5 Kc5
46.Nb5xd4 Kxd4
47.Kb5 Ke3
48.Be2d1 Kd2
49.Bd1b3 Ne5xf3
50.c5 Nf3d4
51.Kc4 Nd4xb3
52.Kxb3 f3
53.c6 f2
54.c7 f1Q
55.c8Q Qf1b5
56.Ka3 Qb5a5
57.Kb3 { draw }
1/2-1/2

[Event "Tourn. n8733"]
[Site "www.chess-mail.com"]
[Date "2016.05.24"]
[Round "1"]
[White "Falcoale"]
[Black "Picifarkinca"]
[WhiteElo "1750"]
[BlackElo "1720"]
[Result "0-1"]
[Round "1"]
1.e4 c6
2.Ng1f3 d5
3.exd5 cxd5
4.d4 e6
5.Bf1d3 Nb8c6
6.c3 Ng8f6
7.O-O Bf8e7
8.Nb1d2 O-O
9.Rf1e1 Qd8c7
10.Nd2f1 a5
11.Nf1g3 Bc8d7
12.b3 Rf8b8
13.Nf3e5 Bd7e8
14.Ng3h5 b5
15.Nh5xf6 Be7xf6
16.Qd1h5 g6
17.Qh5f3 Nc6xe5
18.dxe5 Bf6xe5
19.Bc1b2 Be5xh2
20.Kh1 Bh2e5
21.Qf3e3 Be5g7
22.Qe3e2 e5
23.Ra1c1 e4
24.Bd3b1 Qc7f4
25.g3 Qf4h6
26.Kg2 Qh6g5
27.Rc1d1 Rb8d8
28.Bb2c1 Qg5e7
29.Bc1e3 Bg7xc3
30.Re1f1 f5
31.Rd1c1 d4
32.Be3h6 Ra8c8
33.Qe2xb5 Be8xb5
34.Rf1h1 e3
35.fxe3 Bb5c6
{ resign }
0-1

[Event "Tourn. n8716"]
[Site "www.chess-mail.com"]
[Date "2016.05.24"]
[Round "1"]
[White "Derfel83"]
[Black "Jackbauer"]
[WhiteElo "1950"]
[BlackElo "1940"]
[Result "0-1"]
[Round "1"]
1.c4 e5
2.Nb1c3 Bf8b4
3.a3 Bb4xc3
4.dxc3 c5
5.Qd1d6 Qd8e7
6.Qd6xe7 Ng8xe7
7.b4 d6
8.g3 Bc8d7
9.Bf1g2 Bd7c6
10.Ng1f3 Nb8d7
11.O-O O-O
12.Rf1d1 Ne7c8
13.Nf3d2 Bc6xg2
14.Kxg2 Nd7f6
15.a4 a6
16.f3 Rf8d8
17.Nd2b3 Nc8e7
18.bxc5 d5
19.cxd5 Rd8xd5
20.Bc1a3 Ra8d8
21.Rd1xd5 Rd8xd5
22.Nb3a5 Rd5d7
23.c6 bxc6
24.Ba3xe7 Rd7xe7
25.Na5xc6 Re7c7
26.Ra1d1 h6
27.Rd1d8 Kh7
28.Nc6xe5 Rc7xc3
29.Rd8a8 Rc3e3
30.Ne5xf7 Kg6
31.Kf2 Re3a3
32.Nf7h8 Kh7
33.Ra8xa6 Kxh8
34.a5 Kh7
35.g4 Nf6d5
36.h4 Nd5b4
37.Ra6b6 Nb4d5
38.Rb6a6 Ra3a2
39.Ra6a8 Nd5c3
40.Ke3 Nc3xe2
41.a6 Ne2c3
42.f4 Ra2a4
43.Kf3 Nc3d5
44.f5 Nd5f6
45.g5 hxg5
46.hxg5 Nf6h5
47.g6 Kh6
48.a7 Kg5
{ resign }
0-1

[Event "Tourn. n8679"]
[Site "www.chess-mail.com"]
[Date "2016.05.24"]
[Round "1"]
[White "Xkafi"]
[Black "Tonino1"]
[WhiteElo "2010"]
[BlackElo "2250"]
[Result "1-0"]
[Round "1"]
1.c4 Ng8f6
2.Nb1c3 g6
3.d4 Bf8g7
4.Ng1f3 O-O
5.Bc1g5 d6
6.e4 c6
7.e5 dxe5
8.Nf3xe5 h6
9.Bg5e3 Nb8d7
10.Bf1d3 Nd7xe5
11.dxe5 Nf6g4
12.Be3f4 Ng4xe5
13.Bf4xe5 Bg7xe5
14.Qd1b3 Qd8b6
15.Qb3c2 f5
16.Nc3a4 Qb6a5
17.Na4c3 Be5xc3
18.bxc3 e5
19.O-O e4
20.Bd3e2 c5
21.Qc2d2 Bc8e6
22.Qd2xh6 Be6f7
23.Qh6e3 Ra8d8
24.h3 b6
25.Rf1c1 Qa5a4
26.Qe3g5 Kg7
27.h4 Rd8d6
28.Qg5e7 Rf8d8
29.h5 Rd8d7
30.Qe7e5 Kh7
31.g4 Rd6e6
32.hxg6 Re6xg6
33.Kg2 Bf7xc4
34.Rc1h1 Kg8
35.Rh1h8  { time }
1-0

[Event "Tourn. n8754"]
[Site "www.chess-mail.com"]
[Date "2016.05.24"]
[Round "1"]
[White "0o0o0"]
[Black "Raven16"]
[WhiteElo "2160"]
[BlackElo "2140"]
[Result "1-0"]
[Round "1"]
1.e4 e5
2.Ng1f3 Nb8c6
3.Bf1b5 a6
4.Bb5a4 Ng8f6
5.O-O Bf8e7
6.c3 Nf6xe4
7.d4 exd4
8.Nf3xd4 Nc6xd4
9.Qd1xd4 Ne4f6
10.Bc1g5 O-O
11.Nb1d2 d5
12.Rf1e1 c5
13.Qd4e3 Bc8e6
14.Ra1d1 Qd8c7
15.h3 Ra8d8
16.f4 d4
17.Qe3g3 Nf6d5
18.Bg5h6 Be7f6
19.Nd2e4 Qc7e7
20.Ba4c2 Kh8
21.Ne4xf6 gxh6
22.Nf6xd5 Rd8xd5
23.f5 Rf8g8
24.Qg3f3 Qe7d6
25.fxe6 Rg8xg2
26.Kxg2 Rd5g5
27.Kh1 { resign }
1-0

[Event "Tourn. n8738"]
[Site "www.chess-mail.com"]
[Date "2016.05.24"]
[Round "1"]
[White "B0zata"]
[Black "Bira47"]
[WhiteElo "1799"]
[BlackElo "2010"]
[Result "1-0"]
[Round "1"]
1.d4 g6
2.c4 Bf8g7
3.Ng1f3 c6
4.Nb1c3 h6
5.h4 Ng8f6
6.e4 d6
7.Bc1f4 Bc8g4
8.Bf1e2 O-O
9.e5 dxe5
10.dxe5 Nf6h5
11.Bf4h2 e6
12.Nf3d2 Bg4xe2
13.Qd1xe2 Qd8xh4
14.Nd2f3 Qh4e7
15.Ra1d1 Nb8d7
16.g4 Nh5f6
17.exf6 Bg7xf6
18.Bh2d6 Qe7e8
19.Bd6xf8 Kxf8
20.Rh1xh6 Bf6g7
21.Rh6h1 Ra8d8
22.g5 Nd7b6
23.Rd1xd8 Qe8xd8
24.Kf1 Qd8d6
25.Kg2 Qd6c5
26.Rh1h4 Qc5f5
27.Qe2d2 Ke7
28.b4 Nb6xc4
29.Rh4xc4 a6
30.Kg3 Bg7e5
31.Nf3xe5 Qf5xe5
32.f4 Qe5h8
33.Nc3e4 Qh8d8
34.Rc4d4 Qd8c8
35.Ne4f6  { time }
1-0

[Event "Match"]
[Site "www.echecsemail.com"]
[Date "2016.05.24"]
[Round "1"]
[White "Menace"]
[Black "Markos123"]
[WhiteElo "2230"]
[BlackElo "1840"]
[Result "1-0"]
[Round "1"]
1.e4 e5
2.f4 g6
3.Ng1f3 d6
4.fxe5 Bc8g4
5.Bf1c4 Bf8g7
6.Nb1c3 c6
7.O-O dxe5
8.Bc4xf7 Kxf7
9.Nf3xe5 Ke6
10.Ne5xg4 Bg7d4
11.Kh1 Ng8f6
12.Ng4xf6 Bd4xf6
13.Qd1g4 Kf7
14.e5 Nb8d7
15.exf6 Nd7xf6
16.d3 Qd8d6
17.Nc3e4 Qd6e7
18.Ne4xf6 Ra8d8
19.Nf6d5 Ke8
20.Nd5xe7 Kxe7
21.Bc1g5 Kd6
22.Bg5xd8 Kc5
23.Qg4c4 { resign }
1-0

[Event "Match"]
[Site "www.echecsemail.com"]
[Date "2016.05.24"]
[Round "1"]
[White "Estonia"]
[Black "Milkyway"]
[WhiteElo "1970"]
[BlackElo "1809"]
[Result "1/2-1/2"]
[Round "1"]
1.d4 d5
2.Ng1f3 Ng8f6
3.e3 g6
4.c4 Bf8g7
5.Nb1c3 O-O
6.cxd5 Nf6xd5
7.Bf1c4 Nd5b6
8.Bc4b3 Nb8c6
9.h3 Nc6a5
10.Bc1d2 Na5xb3
11.Qd1xb3 Bc8e6
12.Qb3c2 Nb6c4
13.b3 Nc4xd2
14.Nf3xd2 c6
15.O-O a6
16.Ra1c1 Qd8d7
17.Nd2f3 h6
18.Rf1d1 Qd7c7
19.e4 g5
20.Qc2e2 Rf8d8
21.e5 Be6d5
22.Nc3xd5 Rd8xd5
23.Qe2e4 e6
24.h4 Qc7e7
25.h5 Ra8d8
26.g4 c5
27.Kg2 cxd4
28.Rd1xd4 Rd5xd4
29.Nf3xd4 Qe7b4
30.Rc1c4 Qb4a5
31.Qe4xb7 Qa5xa2
32.Nd4f3 Qa2a5
33.Rc4a4 Qa5b5
34.Qb7xa6 Qb5xa6
35.Ra4xa6 Rd8b8
36.Nf3d4 Bg7xe5
37.Nd4c6 Rb8b5
38.Ra6a8 Kg7
39.Nc6xe5 Rb5xe5
40.Ra8b8 Re5e4
41.f3 Re4e2
42.Kg3 Re2b2
43.f4 gxf4
44.Kxf4 Kf6
{ draw }
1/2-1/2

[Event "Match"]
[Site "www.echecsemail.com"]
[Date "2016.05.24"]
[Round "1"]
[White "Pellix84"]
[Black "Gambitmiau"]
[WhiteElo "1820"]
[BlackElo "1840"]
[Result "1-0"]
[Round "1"]
1.d4 d5
2.Ng1f3 Nb8c6
3.c4 dxc4
4.e4 Bc8g4
5.Bf1xc4 e6
6.Bc1e3 Bf8b4
7.Nb1c3 Bb4xc3
8.bxc3 Ng8f6
9.h3 Bg4h5
10.Bc4d3 e5
11.O-O exd4
12.cxd4 Bh5xf3
13.Qd1xf3 O-O
14.e5 Nf6d5
15.Qf3h5 g6
16.Qh5g4 Nc6e7
17.Be3h6 Rf8e8
18.h4 f5
19.Qg4g5 Ne7c6
20.Qg5g3 Nc6b4
21.Bd3c4 Kh8
22.h5 gxh5
23.Qg3g7 { resign }
1-0

[Event "Match"]
[Site "www.echecsemail.com"]
[Date "2016.05.24"]
[Round "1"]
[White "Amo"]
[Black "Guidom"]
[WhiteElo "1809"]
[BlackElo "2030"]
[Result "0-1"]
[Round "1"]
1.f4 d5
2.d4 c6
3.Ng1f3 Ng8f6
4.Nb1c3 e6
5.Qd1d3 Bf8b4
6.Bc1d2 Nb8d7
7.e3 c5
8.Nc3b5 c4
9.Qd3e2 Bb4xd2
10.Qe2xd2 Nf6e4
11.Qd2b4 Nd7b6
12.a4 a5
13.Qb4a3 f6
14.b3 c3
15.Bf1d3 Qd8e7
16.Qa3xe7 Kxe7
17.Bd3xe4 dxe4
18.Nf3h4 Nb6d5
19.Ke2 Bc8d7
20.g4 Bd7xb5
21.axb5 b6
22.f5 Nd5b4
23.Kd1 Ra8d8
24.fxe6 g6
25.Nh4g2 g5
26.h4 h6
 { time }
0-1

[Event "Match"]
[Site "www.echecsemail.com"]
[Date "2016.05.24"]
[Round "1"]
[White "Mitja"]
[Black "Ssharp"]
[WhiteElo "1940"]
[BlackElo "2210"]
[Result "0-1"]
[Round "1"]
1.d4 d5
2.e3 Ng8f6
3.h3 Bc8f5
4.Ng1e2 e6
5.Ne2g3 Bf5g6
6.c3 Bf8d6
7.Bf1e2 Bd6xg3
8.fxg3 Nf6e4
9.g4 Qd8h4
{ resign }
0-1

[Event "Match"]
[Site "www.echecsemail.com"]
[Date "2016.05.24"]
[Round "1"]
[White "Blackpool"]
[Black "Guidom"]
[WhiteElo "1760"]
[BlackElo "2030"]
[Result "0-1"]
[Round "1"]
1.b3 d5
2.f4 Nb8c6
3.Bc1b2 e6
4.Ng1f3 Ng8f6
5.e3 Bf8e7
6.Bf1b5 Bc8d7
7.Bb5xc6 Bd7xc6
8.O-O O-O
9.Nf3e5 Be7d6
10.Ne5xc6 bxc6
11.Qd1e2 c5
 { time }
0-1

[Event "Match"]
[Site "www.echecsemail.com"]
[Date "2016.05.24"]
[Round "1"]
[White "Chapi"]
[Black "Amo"]
[WhiteElo "2090"]
[BlackElo "1809"]
[Result "1-0"]
[Round "1"]
1.d4 Ng8f6
2.c4 e6
3.Nb1c3 d5
4.cxd5 exd5
5.Bc1g5 c6
6.Ng1f3 Bf8e7
7.Qd1b3 O-O
8.e3 b6
9.Bf1d3 Bc8e6
10.O-O Nb8d7
11.Ra1c1 c5
12.Bg5xf6 Be7xf6
13.Nc3xd5 cxd4
14.Nd5xf6 Nd7xf6
15.Bd3c4 Be6xc4
16.Rc1xc4 dxe3
17.Qb3xe3 Qd8d5
18.Rf1c1 b5
19.Rc4c5 Qd5xa2
20.Rc5xb5 Rf8b8
21.Qe3c3 h6
22.Rb5xb8 Ra8xb8
23.b4 Nf6e4
24.Qc3d3 Qa2xf2
25.Kh1 Rb8xb4
26.Rc1e1 f5
27.Qd3d5 Kh8
28.Qd5xf5 Ne4f6
29.Re1c1 Rb4e4
30.Rc1c8 Re4e8
31.Rc8xe8 Nf6xe8
32.Qf5f8 Kh7
33.Qf8xe8 a5
34.h3 Qf2a7
35.Qe8a4 g6
36.Nf3d4  { time }
1-0

[Event "Match"]
[Site "www.echecsemail.com"]
[Date "2016.05.24"]
[Round "1"]
[White "Wagner"]
[Black "Amo"]
[WhiteElo "1800"]
[BlackElo "1809"]
[Result "1-0"]
[Round "1"]
1.e4 e6
2.Ng1f3 c5
3.Bf1c4 a6
4.c3 b5
5.Bc4e2 Bc8b7
6.Qd1c2 d5
7.e5 g6
8.d4 cxd4
9.cxd4 Nb8c6
10.Bc1d2 Qd8b6
11.a3 Nc6xd4
12.Nf3xd4 Qb6xd4
13.Qc2c7 Bb7c8
14.Qc7c6 Ke7
15.Bd2e3 Qd4xe5
16.Qc6xa8 Qe5xb2
17.Qa8a7 Bc8d7
18.Be3d4 Qb2c1
19.Be2d1  { time }
1-0

[Event "Match"]
[Site "www.echecsemail.com"]
[Date "2016.05.24"]
[Round "1"]
[White "Billyg"]
[Black "Amo"]
[WhiteElo "1560"]
[BlackElo "1809"]
[Result "1-0"]
[Round "1"]
1.e4 e6
2.a3 g6
3.d4 c5
4.Ng1f3 Nb8c6
5.d5 Nc6e7
6.dxe6 fxe6
7.Bc1g5 Bf8g7
8.c3 h6
9.Bg5h4 g5
10.Bh4g3 Ng8f6
11.Nf3e5 Nf6xe4
12.Qd1e2 Ne4xg3
13.hxg3 Qd8a5
14.Qe2h5  { time }
1-0

[Event "Match"]
[Site "www.echecsemail.com"]
[Date "2016.05.24"]
[Round "1"]
[White "Amo"]
[Black "Pellix84"]
[WhiteElo "1549"]
[BlackElo "1830"]
[Result "0-1"]
[Round "1"]
1.e4 c6
2.d4 d5
3.e5 Bc8f5
4.Nb1c3 e6
5.Bf1d3 Bf5xd3
6.Qd1xd3 Nb8d7
7.Ng1f3 Ng8e7
8.g4 Ne7g6
9.h4 c5
10.dxc5 Bf8xc5
11.h5 Ng6xe5
12.Nf3xe5 Bc5xf2
13.Kxf2 Nd7xe5
14.Qd3b5 Qd8d7
15.Qb5xd7 Kxd7
16.Bc1f4 Ne5xg4
17.Kg3 f5
18.Nc3b5 a6
19.Nb5c3 Rh8g8
20.Ra1d1 Kc6
21.b4 b5
22.Rd1d4 Ra8a7
23.a4 g5
24.Bf4d2 h6
25.Rh1a1 Ra7b7
26.axb5 axb5
27.Ra1a6 Kd7
28.Nc3xd5 exd5
 { time }
0-1

[Event "Match"]
[Site "www.echecsemail.com"]
[Date "2016.05.24"]
[Round "1"]
[White "Ericleo1980"]
[Black "Fangshuo"]
[WhiteElo "2270"]
[BlackElo "2120"]
[Result "0-1"]
[Round "1"]
1.e4 e5
2.Ng1f3 Nb8c6
3.Bf1b5 a6
4.Bb5a4 b5
5.Ba4b3 Bc8b7
6.c3 Bf8e7
7.d4 exd4
8.cxd4 Be7b4
9.Nb1d2 Ng8h6
10.O-O O-O
11.d5 Nc6e7
12.h3 d6
13.a3 Bb4c5
14.Rf1e1 f5
15.Nd2f1 fxe4
16.Re1xe4 Nh6f5
17.Bc1g5 Rf8f7
18.g4 h6
19.Bg5c1 Nf5h4
20.Nf3xh4 Bc5xf2
21.Kg2 Bf2xh4
22.Bc1e3 Ne7g6
23.Re4e6 Ng6f4
24.Be3xf4 Rf7xf4
25.Nf1g3 Qd8d7
26.Re6e2 Ra8f8
27.Ng3f5 h5
28.Nf5xh4 hxg4
29.Qd1e1 gxh3
30.Kh2 Qd7g4
31.Re2e7 Rf4f2
32.Kh1 Qg4xh4
33.Qe1e6 Kh8
34.Ra1g1 h2
{ resign }
0-1

[Event "Match"]
[Site "www.echecsemail.com"]
[Date "2016.05.24"]
[Round "1"]
[White "Gearoidmac"]
[Black "Tonino1"]
[WhiteElo "2299"]
[BlackElo "2200"]
[Result "1-0"]
[Round "1"]
1.e4 c5
2.Ng1f3 d6
3.d4 cxd4
4.Nf3xd4 Ng8f6
5.Nb1c3 g6
6.Bc1e3 Bf8g7
7.f3 O-O
8.Qd1d2 Rf8e8
9.O-O-O Nb8c6
10.g4 Nc6xd4
11.Be3xd4 Bc8e6
12.Bf1b5 Re8f8
13.h4 a6
14.Bb5e2 Ra8c8
15.Kb1 b5
16.h5 b4
17.Nc3d5 Rc8c6
18.Nd5xb4 Qd8a5
19.h6 Bg7h8
20.g5 Nf6h5
21.Bd4xh8 Kxh8
22.Qd2d4  { time }
1-0

[Event "Match"]
[Site "www.echecsemail.com"]
[Date "2016.05.24"]
[Round "1"]
[White "Azorau"]
[Black "Irene"]
[WhiteElo "1870"]
[BlackElo "2080"]
[Result "1-0"]
[Round "1"]
1.c4 d5
2.e3 e5
3.Nb1c3 d4
4.exd4 exd4
5.Qd1e2 Qd8e7
6.Nc3d5 Qe7xe2
7.Bf1xe2 Nb8a6
8.d3 c6
9.Nd5f4 Bf8b4
10.Bc1d2 Bb4xd2
11.Kxd2 Ng8f6
12.Be2f3 O-O
13.Ng1e2 c5
14.a3 Ra8b8
15.h3 b6
16.Nf4d5 Rf8e8
17.Nd5xf6 gxf6
18.Ne2f4 Bc8f5
19.g4 Bf5d7
20.Nf4h5 Re8e6
21.Bf3d5 Re6d6
22.Ra1g1 Na6c7
23.Bd5e4 Bd7c6
24.Be4xc6 Rd6xc6
25.g5 f5
26.Nh5f6 Kg7
27.h4 Nc7e8
28.h5 Ne8xf6
29.h6 Kh8
30.gxf6 Rc6xf6
31.f4 Rb8e8
32.b4 cxb4
33.axb4 Rf6g6
34.Rg1a1 Rg6g2
35.Kc1 Re8e7
36.c5 bxc5
37.bxc5 Re7c7
38.Ra1a5 Kg8
39.Rh1h5 f6
40.Rh5xf5 Kf7
41.Rf5d5 Rg2h2
42.Rd5xd4 Rh2h5
43.Rd4c4 Rh5f5
44.Kc2 Kg6
45.Kc3 Kxh6
46.Kb4 Kh5
47.Kb5 Kg4
48.d4 Rf5xf4
49.c6 Rf4f5
50.d5 Kf3
51.Ra5a3 Kg2
52.Rc4g4 Kf2
53.Kc5 h5
54.Rg4h4 Kg2
55.Kd6 Rc7c8
56.Kd7 Rc8h8
57.d6 Rh8h7
58.Kd8 Rf5d5
59.d7 Rd5c5
60.c7 Rh7h8
61.Ke7 Rc5xc7
62.Rh4b4 Rh8h7
63.Ke6 Rc7c6
64.Kd5 Rh7xd7
65.Kxc6 Rd7d2
66.Rb4b3 Rd2f2
67.Rb3g3 Kf1
68.Rg3h3 f5
69.Rh3f3 Kg2
70.Rf3g3 Kf1
71.Kd5 f4
72.Rg3h3 Kg2
73.Rh3xh5 f3
74.Rh5g5 Kf1
75.Ke4 Rf2e2
76.Kxf3 Re2f2
77.Ke3 Rf2e2
78.Kd3 Ke1
79.Ra3a1 Kf2
80.Rg5f5 Kg3
81.Kxe2 Kg4
82.Rf5f8 a5
83.Ra1g1 Kh3
84.Rf8h8 { resign }
1-0

[Event "1/16 Finale"]
[Site "www.chess-mail.com"]
[Date "2016.05.24"]
[Round "1"]
[White "Astigitana"]
[Black "Asoka"]
[WhiteElo "2450"]
[BlackElo "2740"]
[Result "1/2-1/2"]
[Round "1"]
1.d4 Ng8f6
2.c4 e6
3.Nb1c3 Bf8b4
4.Qd1c2 O-O
5.a3 Bb4xc3
6.Qc2xc3 b6
7.Bc1g5 h6
8.Bg5h4 Bc8b7
9.f3 d5
10.e3 Rf8e8
11.Bf1d3 Nb8d7
12.Ng1e2 e5
13.O-O c5
14.Ra1c1 cxd4
15.exd4 Ra8c8
16.Qc3d2 e4
17.fxe4 dxc4
18.Rc1xc4 Rc8xc4
19.Bd3xc4 Re8xe4
20.Qd2e1 b5
21.Bc4d3 Re4g4
22.Bh4g3 Nd7c5
23.Bd3f5 Qd8d5
24.Rf1f3 Rg4g5
25.Qe1f2 Nf6g4
26.Bf5xg4 Nc5e4
27.Ne2c3 Ne4xf2
28.Nc3xd5 Nf2xg4
29.Nd5e7 Kf8
{ draw }
1/2-1/2